[Event "6th Open"]
[Site "La Fere FRA"]
[Date "2007.07.07"]
[Round "1"]
[White "Cornelisse,J"]
[Black "Molet,A"]
[Result "1-0"]
[WhiteElo "2177"]
[BlackElo "1924"]

1.e4 c5 2.Nf3 Nc6 3.Bb5 g6 4.O-O Bg7 5.c3 e5 6.d3 Nge7 7.Bg5 Qb6 8.Na3 O-O
9.Qd2 a6 10.Ba4 Qa5 11.Nc4 Qc7 12.Bb3 d6 13.Bh6 Be6 14.Bxg7 Kxg7 15.Ng5 Bd7
16.f4 h6 17.fxe5 dxe5 18.Nxf7 Ng8 19.Ncd6 Be8 20.Qe3 b6 21.Qg3 Nge7 22.Bd5 Bxf7
23.Nxf7 Nxd5 24.exd5 Rxf7 25.Rxf7+ Qxf7 26.dxc6 Qf4 27.Qxf4 exf4 28.d4 cxd4
29.cxd4 Kf6 30.Rd1 Ke6 31.d5+ Kd6 32.Kf2 Re8 33.Rd3 Re4 34.Kf3 Rc4 35.Rc3  1-0

[Event "Lake Sevan"]
[Site "Martuni ARM"]
[Date "2007.07.07"]
[Round "2"]
[White "Macieja,B"]
[Black "Kotanjian,T"]
[Result "1-0"]
[WhiteElo "2616"]
[BlackElo "2560"]

1.e4 c5 2.Nf3 Nc6 3.Bb5 g6 4.Bxc6 bxc6 5.O-O Bg7 6.Re1 Qc7 7.h3 d6 8.c3 f5
9.exf5 Bxf5 10.d4 cxd4 11.Nxd4 e5 12.f4 Ne7 13.fxe5 dxe5 14.Nxf5 Nxf5 15.Nd2 Nd6
16.Qf3 Rf8 17.Qd3 Rf7 18.Nc4 Nxc4 19.Qxc4 O-O-O 20.Be3 Rd5 21.a4 Qb7 22.Ra3 Kd8
23.Rb3 Qc8 24.Rb5 Qa8 25.Rc5 Rc7 26.Qh4+ Kc8 27.Qxh7  1-0

[Event "XXX Open"]
[Site "Barbera del Valles ESP"]
[Date "2007.07.08"]
[Round "3"]
[White "Perez Mitjans,O"]
[Black "Jankovic,A"]
[Result "0-1"]
[WhiteElo "2412"]
[BlackElo "2536"]

1.e4 c5 2.Nf3 Nc6 3.Bb5 e6 4.O-O Nge7 5.Re1 a6 6.Bf1 d5 7.e5 f6 8.d4 cxd4
9.exf6 gxf6 10.Nxd4 Nxd4 11.Qxd4 Bg7 12.c4 O-O 13.cxd5 Qxd5 14.Qb6 Qc6 15.Be3 Qxb6
16.Bxb6 Nd5 17.Bd4 e5 18.Bc5 Rd8 19.Nd2 Be6 20.Nf3 Rac8 21.Ba3 b5 22.b3 Nc3
23.Bb4 Bf8 24.Bxf8 Kxf8 25.g3 a5 26.Rec1 b4 27.Rc2 a4 28.bxa4 Ra8 29.Nd2 Bf5
30.Rb2 Nxa4  0-1

[Event "South Wales Masters"]
[Site "Caerleon WLS"]
[Date "2007.07.08"]
[Round "2"]
[White "Marusenko,P"]
[Black "Wells,P"]
[Result "1/2-1/2"]
[WhiteElo "2321"]
[BlackElo "2499"]

1.e4 c5 2.Nf3 Nc6 3.Bb5 e6 4.Bxc6 bxc6 5.d3 Qc7 6.O-O Ne7 7.Nh4 Ng6 8.Nxg6 hxg6
9.f4 c4 10.Be3 Ba6 11.dxc4 Bxc4 12.Rf2 Ba6 13.Nd2 c5 14.c3 Be7 15.Qc2 f5
16.Rd1 Bb7 17.e5 Bd5 18.b3 Rb8 19.Nc4 Bxc4 20.bxc4 Qc6 21.Rfd2 Rb7 22.Rb1 Rxb1+
23.Qxb1 Kf7 24.Rb2 g5 25.fxg5 Rh4 26.Rd2 Re4 27.Bf2 Bxg5 28.Rd6 Qc8 29.Qb5 Be7
30.Qxd7 Qxd7 31.Rxd7 Rxc4 32.Rxa7 g5 33.Be1 Re4 34.Bd2 Ke8 35.Ra8+ Kf7 36.Ra7 Ke8
37.Ra8+ Kf7 38.Ra7  1/2-1/2

[Event "XXX Open"]
[Site "Barbera del Valles ESP"]
[Date "2007.07.10"]
[Round "5"]
[White "Gonzalez Vidal,Y"]
[Black "Nijboer,F"]
[Result "1/2-1/2"]
[WhiteElo "2475"]
[BlackElo "2568"]

1.e4 c5 2.Nf3 Nc6 3.Bb5 e6 4.Bxc6 bxc6 5.d3 Ne7 6.h4 f6 7.Be3 d6 8.c3 Bd7
9.h5 Nc8 10.d4 cxd4 11.cxd4 Be7 12.Nc3 Rb8 13.Qc2 O-O 14.e5 fxe5 15.dxe5 d5
16.h6 g6 17.Ne2 Rb4 18.b3 Rg4 19.Kf1 c5 20.Bxc5 Bb5 21.Nd4 Bxc5 22.Qxc5 Bxe2+
23.Nxe2 Qg5 24.g3 Qxe5 25.Rc1 Nd6 26.f4 Qe4 27.Qxd6 Qxh1+ 28.Kf2 Qh2+ 29.Kf3 Rfxf4+
30.gxf4 Qh3+ 31.Kf2 Rg2+ 32.Ke1 Qh1+ 33.Kd2 Rxe2+ 34.Kxe2 Qxc1 35.Qxe6+ Kf8
36.Qf6+ Ke8 37.Qe5+ Kd7 38.Qxd5+ Ke7 39.Qe5+ Kf7 40.Qg7+ Ke6 41.Qe5+ Kf7
42.Qd5+ Kf6 43.Qe5+  1/2-1/2

[Event "FSIMA July"]
[Site "Budapest HUN"]
[Date "2007.07.10"]
[Round "4"]
[White "Vazirova,K"]
[Black "Arjun,V"]
[Result "0-1"]
[WhiteElo "2172"]
[BlackElo "2325"]

1.e4 c5 2.Nf3 Nc6 3.Bb5 e6 4.O-O Nge7 5.Re1 a6 6.Bf1 d5 7.exd5 Qxd5 8.c3 Nf5
9.Na3 Qd8 10.Nc2 Be7 11.d4 cxd4 12.cxd4 O-O 13.Bd3 Bf6 14.Bxf5 exf5 15.Bf4 Be6
16.Qd3 Bd5 17.Rad1 Qb6 18.Ne5 Bxe5 19.dxe5 Bxa2 20.Qxf5 Qxb2 21.Bg5 Nxe5
22.Bc1 Be6 23.Qxe6 Nf3+ 24.gxf3 Qxc2 25.Qd5 b5 26.Re4 h6 27.Rde1 Rad8 28.Qe5 Rfe8
29.Qxe8+ Rxe8 30.Rxe8+ Kh7 31.Bf4 b4 32.Rb8 a5 33.Re7 b3 34.Rxf7 b2 35.Rfb7 Qc1+
36.Kg2 Qxf4 37.Rxb2 Qg5+ 38.Kf1 a4 39.R2b5 Qd2 40.Kg2 Qc2 41.R8b6 a3 42.h3  0-1

[Event "XXX Open"]
[Site "Barbera del Valles ESP"]
[Date "2007.07.11"]
[Round "6"]
[White "Ridameya Tatche,J"]
[Black "Burgos Figueroa,C"]
[Result "0-1"]
[WhiteElo "2109"]
[BlackElo "2237"]

1.e4 c5 2.Nf3 Nc6 3.Bb5 e6 4.O-O Nge7 5.c3 a6 6.Bxc6 dxc6 7.d4 cxd4 8.cxd4 Ng6
9.Nc3 Be7 10.g3 b5 11.h4 Bb7 12.a3 a5 13.Re1 Nf8 14.Bf4 Nd7 15.d5 b4 16.dxc6 Bxc6
17.Nd5 Bxd5 18.exd5 bxa3 19.dxe6 fxe6 20.bxa3 O-O 21.Rxe6 Nc5 22.Qxd8 Bxd8
23.Re3 Bf6 24.Be5 a4 25.Bxf6 Rxf6 26.Rc1 Nb3 27.Rc7 Rd8 28.Kg2 Rf7 29.Rxf7 Kxf7
30.Ng5+ Kg8 31.Re7 Ra8 32.Ne6 g6 33.Ng5 Nd4 34.Nxh7 Nc2 35.g4 Nxa3 36.h5 gxh5
37.g5 Ra6 38.f4 Nb5 39.f5 Ra7 40.Nf6+ Kf8 41.Rxa7 Nxa7 42.Nd5 a3 43.Nb4 Nc6
44.Nc2 a2 45.f6 Nd4 46.Na1 Kf7 47.Kg3 Kg6 48.Kf4 Ne6+ 49.Kg3 Nxg5 50.Kh4 Nf3+
51.Kg3 Nd4 52.Kh4 Kxf6 53.Kxh5 Kf5 54.Kh4 Kf4 55.Kh5 Ke3 56.Kg5 Kd3 57.Kf4 Kc3  0-1

[Event "Campeonato Continental Absolut"]
[Site "Cali COL"]
[Date "2007.07.11"]
[Round "2"]
[White "Ivanov,AV USA"]
[Black "Uribe,M"]
[Result "1/2-1/2"]
[WhiteElo "2565"]
[BlackElo "2351"]

1.e4 c5 2.Nf3 Nc6 3.Bb5 d6 4.O-O Bd7 5.Re1 Nf6 6.c3 a6 7.Bf1 Bg4 8.h3 Bh5
9.d3 e6 10.Nbd2 Be7 11.g4 Bg6 12.Nh4 Nd7 13.Ng2 e5 14.Nc4 h5 15.a4 hxg4 16.hxg4 Nb6
17.Nxb6 Qxb6 18.Ne3 Qd8 19.Nd5 Kf8 20.f4 Bh4 21.Re3 exf4 22.Nxf4 Qf6 23.Rh3 Kg8
24.Qe2 Bg5 25.Rxh8+ Kxh8 26.Qh2+ Kg8 27.Be2 c4 28.dxc4 Bxe4 29.Nh5 Qh6 30.Bxg5 Qxg5
31.Qf4 Qc5+ 32.Qf2 Ne5 33.Rd1 Bf3 34.Qxc5 dxc5 35.Bxf3 Nxf3+ 36.Kf2 Ne5 37.Rd5 Re8
38.g5 Nxc4  1/2-1/2

[Event "Campeonato Continental Absolut"]
[Site "Cali COL"]
[Date "2007.07.11"]
[Round "2"]
[White "Jukemura,L"]
[Black "Felgaer,R"]
[Result "0-1"]
[WhiteElo "2025"]
[BlackElo "2559"]

1.e4 c5 2.Nf3 Nc6 3.Bb5 a6 4.Bxc6 dxc6 5.h3 e5 6.Nxe5 Qd4 7.Nf3 Qxe4+ 8.Qe2 Qxe2+
9.Kxe2 Bf5 10.Na3 b5 11.d3 Bd6 12.Be3 Nf6 13.Nh4 Be6 14.Rhe1 Nd5 15.Kf1 O-O-O
16.Nf3 h6 17.Nb1 Nb4 18.Re2 c4 19.Nd4 cxd3 20.cxd3 Bd7 21.a3 Nxd3 22.Rd2 Ne5
23.Nxb5 axb5 24.Rxd6 Nc4 25.Rd4 Nxb2 26.Nd2 Be6 27.Rb1 Na4 28.Rc1 Kb7 29.Ne4 Bd5
30.Nc5+ Nxc5 31.Rxc5 Ra8 32.Rc3 Rhe8 33.Rd1 Ra4 34.Rd4 Raa8 35.Rd1 Rad8 36.Kg1 Rd6
37.Rd4 Ra8 38.Rg4 g5 39.f4 Be6 40.Rg3 Rd1+ 41.Kh2 b4 42.axb4 Raa1 43.Rf3 h5
44.f5 Bd5 45.Bxg5 Bxf3 46.Rxf3 Rab1 47.Rf4 Rb2 48.Kg3 Rd3+ 49.Kh4 Rxg2 50.Kxh5 Rxh3+
51.Bh4 Rg8 52.f6 Kc7 53.Rg4 Re8 54.Kg5 Rg8+ 55.Kh5 Rxg4 56.Kxg4 Rb3 57.Be1 Kd7
58.Kf5 Rf3+  0-1

[Event "Campeonato Continental Absolut"]
[Site "Cali COL"]
[Date "2007.07.11"]
[Round "2"]
[White "Quinones,Ces"]
[Black "Escobar Forero,A"]
[Result "0-1"]
[WhiteElo "2263"]
[BlackElo "2473"]

1.e4 c5 2.Nf3 Nc6 3.Bb5 d6 4.O-O Bd7 5.c3 Nf6 6.Re1 a6 7.Bxc6 Bxc6 8.d4 Bxe4
9.Bg5 Bc6 10.Bxf6 gxf6 11.Nbd2 e6 12.Qc2 Qc7 13.Qf5 Qe7 14.Qf4 h5 15.Nc4 Rg8
16.h3 cxd4 17.cxd4 d5 18.Ne3 O-O-O 19.Rac1 Rh8 20.Qh4 Bh6 21.Ne5 Bg5 22.Nxc6 bxc6
23.Qg3 Qd6 24.Qf3 Kd7 25.Qe2 Rb8 26.Qxa6 Rxb2 27.Qa7+ Qc7 28.Qa3 Rhb8 29.Nxd5 Qd6
30.Qxd6+ Kxd6 31.Ne3 Rxa2 32.Rc5 Bxe3 33.Rxe3 Rb1+ 34.Kh2 f5 35.Rf3 Rd1 36.Rc4 Kd5
37.Rc5+ Kd6 38.Rc4 Re2 39.Kg3 Rdd2 40.Rf4 Re4 41.Rxe4 fxe4  0-1

[Event "Open A"]
[Site "Oberwart AUT"]
[Date "2007.07.11"]
[Round "5"]
[White "Rabiega,R"]
[Black "Weinzettl,E"]
[Result "1/2-1/2"]
[WhiteElo "2532"]
[BlackElo "2328"]

1.e4 c5 2.Nf3 Nc6 3.Bb5 Nf6 4.Nc3 Qc7 5.d3 a6 6.Bxc6 dxc6 7.h3 e5 8.Be3 h6
9.Nd2 Be6 10.a4 a5 11.Nc4 Be7 12.Qd2 Rd8 13.b3 b6 14.f4 Bxc4 15.bxc4 Nh5
16.f5 Bh4+ 17.Bf2 Bxf2+ 18.Qxf2 Rd6 19.Ne2 g5 20.fxg6 fxg6 21.O-O Rf6 22.Qe3 Nf4
23.Rab1  1/2-1/2

[Event "Ikaros Festival"]
[Site "Agios Kirykos GRE"]
[Date "2007.07.12"]
[Round "6"]
[White "Zagrebelny,S"]
[Black "Zakarian,D"]
[Result "1-0"]
[WhiteElo "2482"]
[BlackElo "2344"]

1.e4 c5 2.Nf3 Nc6 3.Bb5 g6 4.Bxc6 dxc6 5.d3 Bg7 6.h3 b6 7.O-O e5 8.a4 f6
9.a5 Be6 10.Be3 Nh6 11.b4 O-O 12.bxc5 b5 13.Qc1 Nf7 14.Ra3 f5 15.Ng5 Nxg5
16.Bxg5 Qd7 17.Rd1 b4 18.Ra4 f4 19.d4 Bxh3 20.f3 Be6 21.Rxb4 h6 22.dxe5 Qc7
23.Bxf4 Qxa5 24.Rb7 Qxc5+ 25.Be3 Qxe5 26.Rxg7+ Qxg7 27.Bxh6 Qe5 28.Bxf8 Rxf8
29.Qe3 a5 30.Nc3 Qg3 31.Ne2 Qe5 32.Nc3 Qg3 33.e5 Bh3 34.Rd2 Re8 35.Ne4 Qxe5
36.gxh3 a4 37.Qh6 Re7 38.Rd8+ Kf7 39.Ng5+  1-0

[Event "Inautomarket Open"]
[Site "Minsk BLR"]
[Date "2007.07.12"]
[Round "3"]
[White "Aliavdin,N"]
[Black "Zhukov,Vi"]
[Result "1-0"]
[WhiteElo "2403"]
[BlackElo "2243"]

1.e4 c5 2.Nf3 Nc6 3.Bb5 g6 4.O-O Bg7 5.c3 Nf6 6.Re1 O-O 7.d4 cxd4 8.cxd4 d5
9.e5 Ne4 10.Nc3 Nxc3 11.bxc3 a6 12.Bxc6 bxc6 13.h3 Qa5 14.Qb3 Bf5 15.Ba3 Rfb8
16.Bb4 Qc7 17.Qa3 Bf8 18.Qc1 a5 19.Bc5 Rb7 20.Qf4 Rab8 21.g4 Bd7 22.Kg2 Rb2
23.Ba3 R2b7 24.Nd2 a4 25.Bb4 Rxb4 26.cxb4 Rxb4 27.a3 Rb5 28.Nf3 e6 29.g5 c5
30.Nh2 h5 31.gxh6 f5 32.Nf3 Qd8 33.dxc5 Rxc5 34.Rac1 Rxc1 35.Qxc1 d4 36.Nxd4 Kh7
37.Nf3 Bxh6 38.Qc5 Bf8 39.Qa7 Qe7 40.Rc1  1-0

[Event "Inautomarket Open"]
[Site "Minsk BLR"]
[Date "2007.07.12"]
[Round "3"]
[White "Kuderinov,K"]
[Black "Dzhakaev,D"]
[Result "1-0"]
[WhiteElo "2414"]
[BlackElo "2498"]

1.e4 c5 2.Nf3 Nc6 3.Bb5 g6 4.Bxc6 dxc6 5.O-O Bg7 6.Nc3 e5 7.d3 Qe7 8.h3 Nf6
9.Be3 Nd7 10.Na4 b6 11.a3 Nf8 12.b4 Ne6 13.c4 cxb4 14.axb4 Bb7 15.Qb3 O-O
16.b5 Rfd8 17.bxc6 Bxc6 18.Nc3 Qd7 19.Nd5 b5 20.cxb5 Bxd5 21.exd5 Nc7 22.Ra5 Nxd5
23.Ng5 Qe7 24.Ne4 Nxe3 25.fxe3 Rac8 26.Ra6 Bh6 27.Nf6+ Kg7 28.Rf3 Rc1+ 29.Kh2 Qc7
30.Ne4 f5 31.Qe6 Rf8 32.Rd6 Rf7 33.Nf6 Qe7 34.Qd5 Rc7 35.Re6 Rxf6 36.Rxe7+ Rxe7
37.g4 fxg4 38.hxg4 Rxf3 39.Qxf3 Bg5 40.Qe4 Bf6 41.Kg3 Bg5 42.Kf3 Rf7+ 43.Ke2 Re7
44.Qd5 h6 45.Qd6 Kf7 46.Kf3 e4+ 47.dxe4 Bf6 48.Qd5+ Kg7 49.Ke2 Re5 50.Qa8 Re7
51.Kd3 h5 52.gxh5 gxh5 53.Ke2 Be5 54.Qc8 Bf6 55.Qc5 Kg6 56.Qf5+ Kg7 57.Qxh5 Rxe4
58.Qc5 Re7 59.Kf3 Kg6 60.e4 Re5  1-0

[Event "Zudov Mem A"]
[Site "Nizhnij Tagil RUS"]
[Date "2007.07.12"]
[Round "6"]
[White "Vokarev,S"]
[Black "Maletin,P"]
[Result "1/2-1/2"]
[WhiteElo "2466"]
[BlackElo "2567"]

1.e4 c5 2.Nf3 Nc6 3.Bb5 g6 4.O-O Bg7 5.Re1 e5 6.Bxc6 dxc6 7.d3 Qe7 8.Nbd2 Nf6
9.Nc4 Nd7 10.Bd2 b6 11.a3 a5 12.a4 Ba6 13.b3 O-O 14.Bc3 Bxc4 15.dxc4 Rfd8
16.Qe2 Nf8 17.Rad1 Ne6 18.Rxd8+ Rxd8 19.g3 Qd6 20.Kg2 f6 21.Qd2 Qe7 22.Qe2 Qd7
23.Qe3 h5 24.h3 Kh7 25.Qd2 Qe7 26.Qe2 Bh6 27.Rd1 Nd4 28.Bxd4 cxd4 29.Ne1 c5
30.Nd3 h4 31.g4 Bg5 32.Re1 Re8 33.Kh2 Qg7 34.Kh1 Qh6 35.Rd1 Kg7 36.Ne1 Kf7
37.Nd3 Ke7 38.Qf3 Rc8 39.Qe2 Rc6 40.Qe1 Qh8 41.Qe2 Rd6 42.Re1 Re6 43.Kg2 Kd7
44.Kh2 Kc7 45.Kh1 Kb7 46.Kh2 Ka7 47.Kh1 Re7 48.Rg1 Qa8 49.Qf3 Qc6 50.Rd1 Qb7
51.Re1 Rf7 52.Re2 Re7 53.Qg2 Bh6 54.Qf3 Qc6 55.Kg2 Re6 56.Kh1 Re8 57.Kg2 Rf8
58.Re1 Qb7 59.Re2 Rf7 60.Kh1 Rf8  1/2-1/2

[Event "Inautomarket Open"]
[Site "Minsk BLR"]
[Date "2007.07.13"]
[Round "4"]
[White "Smirnov,Va"]
[Black "Gasanov,E"]
[Result "1/2-1/2"]
[WhiteElo "2390"]
[BlackElo "2500"]

1.e4 c5 2.Nf3 Nc6 3.Bb5 d6 4.c3 Nf6 5.Qe2 Bd7 6.d4 cxd4 7.cxd4 a6 8.Bxc6 Bxc6
9.Nc3 g6 10.O-O Bg7 11.d5 Bd7 12.h3 Rc8 13.e5 dxe5 14.Nxe5 O-O 15.Bf4 Bb5
16.Nxb5 axb5 17.Qxb5 Qxd5 18.Qe2 Rfd8 19.Rfe1 Rd6 20.Rac1 Rcd8 21.b3 Nh5
22.Bh2 Bh6 23.Rc4 Re6 24.g4 Ng7 25.Qe4 Qxe4 26.Rcxe4 f6 27.Nc4 Rxe4 28.Rxe4 e5  1/2-1/2

[Event "Zudov Mem A"]
[Site "Nizhnij Tagil RUS"]
[Date "2007.07.13"]
[Round "7"]
[White "Krutko,A"]
[Black "Vokarev,S"]
[Result "0-1"]
[WhiteElo "2428"]
[BlackElo "2466"]

1.e4 c5 2.Nf3 Nc6 3.Bb5 g6 4.Bxc6 bxc6 5.O-O Bg7 6.h3 Nh6 7.Re1 O-O 8.d3 f6
9.Be3 d6 10.c3 Nf7 11.d4 cxd4 12.cxd4 Rb8 13.b3 Qa5 14.Nbd2 Bd7 15.e5 Qd5
16.Bf4 g5 17.Bh2 fxe5 18.dxe5 g4 19.hxg4 Bxg4 20.Qc2 Nxe5 21.Nxe5 Bxe5 22.Bxe5 dxe5
23.f3 Qd4+ 24.Kf1 Rf4 25.Ne4 Bf5 26.Qc4+ Qxc4+ 27.bxc4 Rb2 28.Ng3 Bd3+ 29.Kg1 Rxc4
30.Rxe5 Rcc2 31.Rg5+ Kf7 32.Ne4 Bxe4 33.fxe4 Rxa2 34.Rxa2 Rxa2 35.Rc5 Ra6
36.Kf2 Rb6 37.Kf3 a6 38.Kf4 Rb7 39.Rxc6 Ra7 40.Rc4 a5 41.Ra4 Ke6 42.g4 h6
43.e5 Kd5 44.Kf5 Ra6 45.e6 Kc5 46.Kg6 Rxe6+ 47.Kf7 Ra6 48.Kxe7 Kb5 49.Ra1 a4
50.Rb1+ Kc4 51.Kf7 a3 52.Kg7 a2 53.Rh1 Kd4 54.Ra1 Ke5  0-1

[Event "FSIMA July"]
[Site "Budapest HUN"]
[Date "2007.07.14"]
[Round "8"]
[White "Magyar,O"]
[Black "Hujbert,F"]
[Result "1-0"]
[WhiteElo "2304"]
[BlackElo "2262"]

1.e4 c5 2.Nf3 Nc6 3.Bb5 d6 4.O-O Bg4 5.h3 Bh5 6.Re1 e5 7.d3 Nf6 8.Nbd2 Be7
9.Bxc6+ bxc6 10.Nc4 O-O 11.Bd2 Kh8 12.g4 Bg6 13.Kg2 h5 14.Nh4 hxg4 15.hxg4 Nh7
16.Nf5 Bxf5 17.gxf5 Bg5 18.Rh1 g6 19.Qg4 Bxd2 20.Nxd2 Kg7 21.Nf3 Rh8 22.fxg6 fxg6
23.Rxh7+ Rxh7 24.Ng5 Qe7 25.Nxh7 Kxh7 26.f4 Rf8 27.Rh1+ Kg7 28.Qh3 exf4 29.Qh6+ Kf6
30.Qxf4+ Ke6 31.Qg4+ Ke5 32.Qxg6 Qf6 33.Qg3+ Ke6 34.Qg4+ Ke7 35.Rh7+ Rf7
36.Rxf7+ Kxf7 37.Qf3  1-0

[Event "Zudov Mem A"]
[Site "Nizhnij Tagil RUS"]
[Date "2007.07.15"]
[Round "9"]
[White "Krutko,A"]
[Black "Maletin,P"]
[Result "1-0"]
[WhiteElo "2428"]
[BlackElo "2567"]

1.e4 c5 2.Nf3 Nc6 3.Bb5 g6 4.Bxc6 dxc6 5.h3 Bg7 6.d3 Nh6 7.Nc3 b6 8.Be3 f6
9.Qd2 Nf7 10.Nh2 e5 11.f4 f5 12.fxe5 O-O 13.O-O-O Nxe5 14.Bh6 Bxh6 15.Qxh6 f4
16.Rhf1 Qf6 17.h4 Bg4 18.Rd2 Bh5 19.g3 f3 20.Rdf2 a5 21.Nd1 a4 22.a3 b5 23.Qg5 Qe6
24.Ne3 Rf6 25.Nf5 Nf7 26.Nh6+ Nxh6 27.Qxh6 Raf8 28.Qg5 b4 29.g4 bxa3 30.bxa3 h6
31.Qxh6 Bxg4 32.Rg1 g5 33.Qxg5+ Rg6 34.Qxg6+  1-0

[Event "Open"]
[Site "Ghent BEL"]
[Date "2007.07.16"]
[Round "6"]
[White "Van Haastert,E"]
[Black "Tonoli,B"]
[Result "1-0"]
[WhiteElo "2408"]
[BlackElo "2176"]

1.e4 c5 2.Nf3 Nc6 3.Bb5 g6 4.Bxc6 dxc6 5.d3 Bg7 6.h3 e5 7.Be3 b6 8.Nbd2 Ne7
9.a3 f6 10.b4 cxb4 11.axb4 Be6 12.Ra6 O-O 13.Qa1 Bf7 14.Rxa7 Rxa7 15.Qxa7 b5
16.O-O Nc8 17.Qb7 Be8 18.Ra1 Rf7 19.Qb8 Bf8 20.Ra8 Bd7 21.Bc5 Bxc5 22.bxc5 Qe7
23.Nb3 Kg7 24.Qc7 Qf8 25.Qa5 Be6 26.Qc3 Rc7 27.Nxe5 b4 28.Qd4  1-0

[Event "XII Open"]
[Site "Balaguer ESP"]
[Date "2007.07.17"]
[Round "2"]
[White "Quintas Galeano,L"]
[Black "Perpinya Rofes,L"]
[Result "0-1"]
[WhiteElo "2165"]
[BlackElo "2400"]

1.e4 c5 2.Nf3 Nc6 3.Bb5 e6 4.O-O Nge7 5.c3 a6 6.Ba4 b5 7.Bc2 Bb7 8.Qe2 d5
9.e5 d4 10.Be4 Nd5 11.cxd4 Nxd4 12.Nxd4 cxd4 13.d3 Rc8 14.Nd2 Be7 15.Nf3 Qb6
16.Bg5 h6 17.Bxe7 Kxe7 18.Rac1 Qa5 19.g3 Qxa2 20.Qd2 Rxc1 21.Rxc1 Rd8 22.Nxd4 Qa4
23.Ne2 Rd7 24.Bxd5 Bxd5 25.Nc3 Qd4 26.Nxd5+ Rxd5 27.Rc7+ Rd7 28.Qc3 Qxc3
29.Rxc3 Kd8 30.Kf1 Rc7 31.Ra3 Rc6 32.Ke2 Kc7 33.Kd2 Kb6 34.f4 a5 35.Ra1 b4
36.g4 Kb5 37.f5 a4 38.fxe6 Rxe6 39.d4 Kc4 40.Rxa4 f6 41.Ra5 Kxd4 42.exf6 Rxf6
43.Ra7 Rf2+ 44.Kc1 g5 45.h3 Rh2 46.Rc7 Kd3 47.b3 Rxh3 48.Rc4 Rh2 49.Rxb4 Kc3
50.Rc4+ Kxb3 51.Re4 Kc3 52.Kd1 Kd3  0-1

[Event "Campeonato Continental Absolut"]
[Site "Cali COL"]
[Date "2007.07.17"]
[Round "8"]
[White "Orozco,Lu"]
[Black "Markzon,G"]
[Result "1/2-1/2"]
[WhiteElo "1908"]
[BlackElo "2237"]

1.e4 c5 2.Nf3 Nc6 3.Bb5 g6 4.Nc3 Bg7 5.Bxc6 bxc6 6.O-O e5 7.Re1 Ne7 8.d3 d6
9.Kh1 O-O 10.Be3 h6 11.Qd2 Kh7 12.Ng1 Rb8 13.Rab1 Qa5 14.a3 Be6 15.b4 cxb4
16.axb4 Qc7 17.d4 Rfd8 18.f4 c5 19.d5 cxb4 20.Na2 exf4 21.Bd4 Bd7 22.Nxb4 Qc4
23.Bxg7 Kxg7 24.Qxf4 Be8 25.Qd2 a5 26.Nd3 Rxb1 27.Rxb1 Rc8 28.Qxa5 Qxc2 29.Qa1+ Qc3  1/2-1/2

[Event "22nd North Sea Cup"]
[Site "Esbjerg DEN"]
[Date "2007.07.17"]
[Round "7"]
[White "Pedersen,JaR"]
[Black "Weindl,A"]
[Result "1-0"]
[WhiteElo "2215"]
[BlackElo "2361"]

1.e4 c5 2.Nf3 Nc6 3.Bb5 g6 4.c3 Bg7 5.Qe2 e5 6.O-O Nge7 7.d3 O-O 8.Ne1 a6
9.Bxc6 Nxc6 10.Be3 b6 11.Nd2 d5 12.exd5 Qxd5 13.Nc4 Rb8 14.f4 Be6 15.fxe5 Nxe5
16.Bf4 Bg4 17.Qf2 Rb7 18.Ne3 Qd7 19.Qg3 Be2 20.Rf2 Nxd3 21.Rxe2 Nxf4 22.Qxf4 Re8
23.Rf2 Qe6 24.N1c2 Rbe7 25.Qc4 Qc8 26.Nd5 Re4 27.Qd3 c4 28.Qf3 f5 29.Nf4 Qc5
30.Kf1 Bh6 31.g3 Bg7 32.Rd1 Qb5 33.Na3 Qa4 34.Rfd2 Qc6 35.Nd5 Kh8 36.Nc2 f4
37.g4 R4e5 38.Re1 Rxe1+ 39.Nxe1 h6 40.Re2 Rf8 41.Qe4 g5 42.Ne7 Qxe4 43.Rxe4 Rd8
44.Ke2 b5 45.Nf5 Bf8 46.Nf3  1-0

[Event "Campeonato Continental Absolut"]
[Site "Cali COL"]
[Date "2007.07.18"]
[Round "9"]
[White "Felgaer,R"]
[Black "Barrientos,S"]
[Result "1-0"]
[WhiteElo "2559"]
[BlackElo "2417"]

1.e4 c5 2.Nf3 Nc6 3.Bb5 d6 4.O-O Bd7 5.Re1 Nf6 6.h3 Ne5 7.a4 a6 8.Bxd7+ Nfxd7
9.Nxe5 dxe5 10.a5 e6 11.d3 Bd6 12.Nd2 Bc7 13.Nc4 O-O 14.Be3 f5 15.f3 Qh4
16.Qd2 Rac8 17.b4 Bb8 18.bxc5 Ba7 19.Rab1 Nxc5 20.exf5 exf5 21.Nxe5 Bb8 22.Qf2 Qxf2+
23.Bxf2 Rfe8 24.Nc4 Rxe1+ 25.Rxe1  1-0

[Event "Campeonato Continental Absolut"]
[Site "Cali COL"]
[Date "2007.07.18"]
[Round "9"]
[White "Jukemura,L"]
[Black "Gallego,A"]
[Result "1-0"]
[WhiteElo "2025"]
[BlackElo "2235"]

1.e4 c5 2.Nf3 Nc6 3.Bb5 d6 4.d4 cxd4 5.Qxd4 Bd7 6.Bxc6 Bxc6 7.Nc3 Nf6 8.Bg5 e6
9.O-O-O Be7 10.Rhe1 Qa5 11.Kb1 O-O 12.Qd2 Qb6 13.Nd4 Rac8 14.f3 Rc7 15.h4 Rfc8
16.g4 Be8 17.Nce2 a5 18.Ng3 d5 19.e5 Bb4 20.Qf4 Ba3 21.Qc1 Nd7 22.Nh5 Rc4
23.Be3 Bc5 24.Nxg7 Kxg7 25.Bh6+ Kh8 26.Qg5 Bf8 27.Bxf8 Nxf8 28.Qf6+ Kg8 29.Nf5  1-0

[Event "Open"]
[Site "Ghent BEL"]
[Date "2007.07.18"]
[Round "9"]
[White "Wismayer,C"]
[Black "Mohandesi,S"]
[Result "0-1"]
[WhiteElo "2127"]
[BlackElo "2318"]

1.e4 c5 2.Nf3 Nc6 3.Bb5 e5 4.O-O Nge7 5.c3 a6 6.Ba4 b5 7.Bc2 d6 8.h3 Ng6
9.d4 Be7 10.a4 Rb8 11.dxc5 dxc5 12.Qxd8+ Bxd8 13.Be3 Be7 14.Rd1 O-O 15.Nbd2 Rd8
16.Nf1 Rxd1 17.Rxd1 Nf4 18.Ng3 g6 19.Kf1 f6 20.Ne2 Ne6 21.g3 Na5 22.axb5 axb5
23.Ra1 Nc6 24.Nd2 Kf7 25.f4 exf4 26.gxf4 Nf8 27.Kg2 Bb7 28.Kf2 Nd7 29.Bb3+ c4
30.Bc2 Ke8 31.Nf3 Nc5 32.Ng3 Ra8 33.Rxa8+ Bxa8 34.Nd4 Nxd4 35.Bxd4 Bc6 36.Ke3 Ne6
37.Bb6 Bd6 38.Ne2 Kf7 39.h4 Bd7 40.f5 Ng7 41.fxg6+ hxg6 42.Nf4 Bb8 43.e5 Bf5
44.exf6 Bxf4+ 45.Kf3 Nh5  0-1

[Event "Synthesia Rapid Open"]
[Site "Pardubice CZE"]
[Date "2007.07.19"]
[Round "8"]
[White "Novikov,St"]
[Black "Jirovsky,M"]
[Result "1-0"]
[WhiteElo "2562"]
[BlackElo "2482"]

1.e4 c5 2.Nf3 Nc6 3.Bb5 g6 4.O-O Bg7 5.c3 Nf6 6.Re1 O-O 7.e5 Nd5 8.d4 cxd4
9.cxd4 d6 10.Nc3 dxe5 11.Bxc6 Nxc3 12.bxc3 bxc6 13.Nxe5 Qd5 14.Ba3 Re8 15.Bc5 Ba6
16.Qa4 Bb5 17.Qc2 Bc4 18.Qa4 Bb5 19.Qb3 Bxe5 20.Rxe5 Qxb3 21.axb3 Bd3 22.Bxe7 a5
23.Ra2 Reb8 24.Rexa5 Rxa5 25.Rxa5 Rxb3 26.h4 Rb8 27.Bf6 Bf5 28.Ra7 Be6 29.Kh2 Rc8
30.Kg3 c5 31.Kf4 cxd4 32.cxd4 h6 33.Ke5 Re8 34.Kd6 g5 35.d5 Bf5 36.hxg5 hxg5
37.Bxg5 Re1 38.Bf6 Re2 39.Bd4 Be4 40.f3 Rd2 41.Ra8+ Kh7 42.fxe4 Rxd4 43.e5 Rd2
44.Ra5 Kg6 45.Ke7  1-0

[Event "Campeonato Continental Absolut"]
[Site "Cali COL"]
[Date "2007.07.20"]
[Round "11"]
[White "Jukemura,L"]
[Black "Quinones,Ces"]
[Result "0-1"]
[WhiteElo "2025"]
[BlackElo "2268"]

1.e4 c5 2.Nf3 Nc6 3.Bb5 d6 4.d4 cxd4 5.Qxd4 Bd7 6.Bxc6 Bxc6 7.Nc3 Nf6 8.Bg5 e6
9.O-O-O Be7 10.Rhe1 O-O 11.Kb1 h6 12.Bxf6 Bxf6 13.Qxd6 Bxc3 14.bxc3 Qb6+
15.Qb4 Qxf2 16.Qd4 Qxd4 17.cxd4 Rfd8 18.c4 Rac8 19.Kb2 f6 20.Rd2 Kf8 21.d5 Bd7
22.Red1 b6 23.Nd4 Ke7 24.Kb3 Rc5 25.a4 Rdc8 26.Rc2 a6 27.Kb4 e5 28.Nc6+ Bxc6
29.dxc6 R8xc6 30.Rd5 Rxd5 31.exd5 Rc5 32.Ra2 Kd6 33.Ra3 e4 34.Rg3 Rc7 35.Rb3 Re7
36.Re3 f5 37.a5 bxa5+ 38.Kxa5 Kc5 39.d6 Rd7  0-1

[Event "Sun Pawn B"]
[Site "Ilichevsk UKR"]
[Date "2007.07.20"]
[Round "1"]
[White "Khakimov,T"]
[Black "Kalinin,O"]
[Result "1/2-1/2"]
[WhiteElo "2409"]
[BlackElo "2350"]

1.e4 c5 2.Nf3 Nc6 3.Bb5 g6 4.O-O Bg7 5.c3 Nf6 6.Re1 O-O 7.d4 cxd4 8.cxd4 d5
9.e5 Ne4 10.Nc3 Nxc3 11.bxc3 Bg4 12.h3 Bxf3 13.Qxf3 Qa5 14.Bxc6 bxc6 15.Bg5 f6
16.exf6 exf6 17.Bf4 Rfe8 18.h4 Qa4 19.Re2 Qb5 20.Rae1 Kf7 21.Bd6 Rxe2 22.Rxe2 Bf8
23.Bxf8 Qb1+ 24.Kh2 Rxf8 25.Qg4 Qb8+ 26.g3 Qd6 27.h5 Rd8 28.Qh3 Kg7 29.Qg4 Kf7
30.Kg2 Qd7 31.Qf3 Re8 32.Re5 Kg7 33.Rxe8 Qxe8 34.hxg6 hxg6 35.Qf4 Qe7  1/2-1/2

[Event "XII Open"]
[Site "Balaguer ESP"]
[Date "2007.07.21"]
[Round "6"]
[White "Babaev,Ra"]
[Black "Vega Gutierrez,S"]
[Result "1-0"]
[WhiteElo "2488"]
[BlackElo "2321"]

1.e4 c5 2.Nf3 Nc6 3.Bb5 e6 4.O-O Nge7 5.c3 a6 6.Ba4 b5 7.Bc2 Bb7 8.d4 cxd4
9.Nxd4 Ng6 10.f4 Bc5 11.Kh1 Rc8 12.Nb3 Be7 13.Be3 d6 14.N1d2 h5 15.Qe2 h4
16.Rad1 e5 17.fxe5 Ncxe5 18.h3 O-O 19.Nd4 Bg5 20.Nf5 Bxe3 21.Qxe3 Qc7 22.Nf3 Qc5
23.Qxc5 Rxc5 24.Nxd6 Ba8 25.Nxe5 Rxe5 26.Nxf7 Re7 27.Bb3 Bxe4 28.Ng5+ Kh8
29.Rxf8+ Nxf8 30.Rd8  1-0

[Event "1st LCT"]
[Site "Leiden NED"]
[Date "2007.07.21"]
[Round "8"]
[White "Reinderman,D"]
[Black "Slingerland,F"]
[Result "1-0"]
[WhiteElo "2506"]
[BlackElo "2304"]

1.e4 c5 2.Nf3 Nc6 3.Bb5 g6 4.Bxc6 bxc6 5.O-O Bg7 6.Re1 Nf6 7.e5 Nd5 8.c4 Nc7
9.d4 cxd4 10.Qxd4 Ne6 11.Qh4 d5 12.exd6 exd6 13.Bg5 Qc7 14.Bf6 Bxf6 15.Qxf6 O-O
16.Nbd2 Qd8 17.Qc3 d5 18.Nb3 c5 19.cxd5 Qxd5 20.Re5 Qd6 21.Nxc5 Nxc5 22.Rxc5 Bb7
23.Ne5 Rac8 24.b4 Rfd8 25.h3 Rxc5 26.bxc5 Qd5 27.c6 Ba8 28.Rc1 Rc8 29.f3 Qxa2
30.c7 h5 31.Rd1 Bd5 32.Nd7 Be6 33.Nf6+ Kg7 34.Ne8+ Kf8 35.Rd8 Qb1+ 36.Kh2  1-0